[Event "Vaxjo op"]
[Site "Vaxjo"]
[Date "2024.02.11"]
[Round "7"]
[White "Fransson, Jorgen"]
[Black "Jepson, Christian"]
[Result "0-1"]
[WhiteElo "2134"]
[BlackElo "2386"]
[PlyCount "64"]
[EventDate "2024.02.09"]
[EventType "swiss"]
[EventRounds "8"]
[EventCountry "SWE"]
[SourceTitle "CB07_2024"]
[SourceDate "2024.02.14"]
[SourceVersion "1"]
[SourceVersionDate "2024.02.14"]
[SourceQuality "1"]

1. c4 e6 2. Nf3 d5 3. d4 Nf6 4. e3 a6 5. b3 c5 6. Bd3 cxd4 7. exd4 Nc6 8. Bb2 dxc4 9. bxc4 Be7 10. 0-0 0-0 11. Nbd2 b6 12. Rc1 Bb7 13. Qe2 Re8 14. Bb1 Rc8 15. Qd3 b5 16. cxb5 Nb4 17. Rxc8 Qxc8 18. Qe2 axb5 19. a3 Nbd5 20. Rc1 Qa8 21. Qxb5 Rb8 22. Rc2 Bc8 23. Qc4 Bd7 24. Bc1 Bb5 25. Qa2 Bd3 26. Rb2 Nc3 27. Qa1 Ne2+ 28. Kh1 Nxc1 29. a4 Rxb2 30. Qxb2 Bxb1 31. Qxb1 Ne2 32. Qb5 Nc3 0-1

[Event "SWE-chT 2223 Elite"]
[Site "Sweden"]
[Date "2023.01.21"]
[Round "4.1"]
[White "Jepson, Christian"]
[Black "Nilsson, Anders"]
[Result "1-0"]
[WhiteElo "2401"]
[BlackElo "2209"]
[PlyCount "65"]
[EventDate "2022.10.14"]
[EventType "team-tourn"]
[EventRounds "9"]
[EventCountry "SWE"]
[SourceTitle "CBM 213 Extra"]
[Source "ChessBase"]
[SourceDate "2023.05.31"]
[SourceVersion "1"]
[SourceVersionDate "2023.05.31"]
[SourceQuality "1"]
[WhiteTeam "Limhamn"]
[BlackTeam "Helsingborg"]
[WhiteTeamCountry "SWE"]
[BlackTeamCountry "SWE"]

1. c4 e6 2. g3 d5 3. Bg2 Nf6 4. Nf3 dxc4 5. Qa4+ Bd7 6. Qxc4 c5 7. Ne5 Qc8 8. Qd3 Nc6 9. Nxd7 Nxd7 10. Nc3 Be7 11. Qb5 a6 12. Qa4 Nd4 13. e3 Nf5 14. d4 0-0 15. 0-0 b5 16. Qd1 Ra7 17. d5 e5 18. Bd2 Nd6 19. b3 f5 20. f3 Bf6 21. Rc1 Qe8 22. e4 f4 23. Bh3 Qg6 24. Ne2 Bd8 25. Qe1 Nf6 26. Kh1 fxg3 27. Qxg3 Qh5 28. Be6+ Kh8 29. Qg5 Qxg5 30. Bxg5 Rc7 31. Be3 c4 32. f4 exf4 33. Bxf4 1-0

[Event "DEN-chT 2223 60th"]
[Site "Denmark"]
[Date "2022.10.29"]
[Round "1.3"]
[White "Jepson, Christian"]
[Black "Thybo, Jesper Sondergaard"]
[Result "0-1"]
[WhiteElo "2401"]
[BlackElo "2498"]
[PlyCount "106"]
[EventDate "2022.10.29"]
[EventType "team-tourn"]
[EventRounds "9"]
[EventCountry "DEN"]
[SourceTitle "EXT 2024"]
[Source "ChessBase"]
[SourceDate "2023.10.10"]
[SourceVersion "1"]
[SourceVersionDate "2023.10.10"]
[SourceQuality "1"]
[WhiteTeam "Nordkalotten"]
[BlackTeam "Koge Xtracon"]
[WhiteTeamCountry "DEN"]
[BlackTeamCountry "DEN"]

1. Nf3 c5 2. c4 Nc6 3. b3 e5 4. Bb2 d6 5. g3 g5 6. d3 Bg7 7. Nc3 h6 8. Bg2 Nge7 9. a3 Be6 10. Nd2 f5 11. b4 cxb4 12. axb4 Nxb4 13. Ba3 Nbc6 14. Nb5 Nc8 15. e4 0-0 16. exf5 Bxf5 17. Ne4 Qa5+ 18. Qd2 Qxd2+ 19. Kxd2 Bg6 20. Rhb1 Rf7 21. Bxd6 Nd4 22. Bc5 b6 23. Bxd4 exd4 24. Rf1 Rb8 25. Ned6 Nxd6 26. Nxd6 Rd7 27. Bd5+ Kh7 28. Nb5 a5 29. f4 gxf4 30. gxf4 Bf5 31. Rae1 Rf8 32. Be6 Bxe6 33. Rxe6 Rf6 34. f5 Kg8 35. Rxf6 Bxf6 36. Re1 Bg5+ 37. Kc2 Be3 38. Rf1 Kf7 39. f6 Ke6 40. Kb3 Rf7 41. Ka4 h5 42. Rf3 Rxf6 43. Nc7+ Ke5 44. Rxf6 Kxf6 45. Kb5 Bf4 46. Nd5+ Kg5 47. h3 Bg3 48. Nxb6 Kh4 49. Kxa5 Kxh3 50. Nd5 h4 51. Nf6 Kg2 52. c5 h3 53. Ng4 Kf3 0-1

[Event "SWE-chT 2122 Elite"]
[Site "Sweden"]
[Date "2022.03.20"]
[Round "5.1"]
[White "Sorensen, Hampus"]
[Black "Jepson, Christian"]
[Result "1/2-1/2"]
[WhiteElo "2379"]
[BlackElo "2402"]
[PlyCount "42"]
[EventDate "2021.12.03"]
[EventType "team-tourn"]
[EventRounds "9"]
[EventCountry "SWE"]
[SourceTitle "EXT 2023"]
[Source "ChessBase"]
[SourceDate "2022.10.05"]
[SourceVersion "1"]
[SourceVersionDate "2022.10.05"]
[SourceQuality "1"]
[WhiteTeam "Pelaro Alingsas"]
[BlackTeam "Limhamn"]
[WhiteTeamCountry "SWE"]
[BlackTeamCountry "SWE"]

1. d4 d6 2. e4 Nf6 3. Nd2 g6 4. Ngf3 Bg7 5. Bb5+ c6 6. Bd3 0-0 7. 0-0 c5 8. dxc5 dxc5 9. Qe2 Qc7 10. Rd1 Nc6 11. c3 Nh5 12. Qe3 Ne5 13. Nxe5 Bxe5 14. g3 Bg7 15. Bf1 Nf6 16. h3 Be6 17. Nf3 Rad8 18. Re1 h6 19. Qf4 Qxf4 20. Bxf4 g5 21. Bc1 Rc8 1/2-1/2

[Event "Vaxjo op"]
[Site "Vaxjo"]
[Date "2022.03.06"]
[Round "8"]
[White "Jepson, Christian"]
[Black "Johnson, Daniel"]
[Result "1/2-1/2"]
[WhiteElo "2397"]
[BlackElo "2214"]
[PlyCount "67"]
[EventDate "2022.03.04"]
[EventType "swiss"]
[EventRounds "8"]
[EventCountry "SWE"]
[SourceTitle "EXT 2023"]
[Source "ChessBase"]
[SourceDate "2022.10.05"]
[SourceVersion "1"]
[SourceVersionDate "2022.10.05"]
[SourceQuality "1"]

1. Nf3 d5 2. g3 Nf6 3. Bg2 e6 4. c4 Be7 5. d4 0-0 6. 0-0 dxc4 7. Qc2 a6 8. a4 Bd7 9. Qxc4 Bc6 10. Bg5 a5 11. Nc3 Ra6 12. e3 Rb6 13. Qe2 Nbd7 14. e4 Nxe4 15. Bxe7 Nxc3 16. bxc3 Qxe7 17. Nd2 Bxg2 18. Kxg2 Qd6 19. Qf3 Qc6 20. Rfb1 Qxf3+ 21. Kxf3 Rxb1 22. Rxb1 b6 23. Ke4 f5+ 24. Kd3 e5 25. f4 exf4 26. gxf4 Re8 27. Nc4 Re4 28. Ne5 Nf6 29. Kc4 Re3 30. Rd1 Kf8 31. Rd3 Rxd3 32. Nxd3 Ke7 33. Kb5 Nd5 34. c4 1/2-1/2

[Event "Vaxjo op"]
[Site "Vaxjo"]
[Date "2022.03.05"]
[Round "5"]
[White "Kucuksari, Kaan"]
[Black "Jepson, Christian"]
[Result "0-1"]
[WhiteElo "2364"]
[BlackElo "2397"]
[PlyCount "240"]
[EventDate "2022.03.04"]
[EventType "swiss"]
[EventRounds "8"]
[EventCountry "SWE"]
[SourceTitle "EXT 2023"]
[Source "ChessBase"]
[SourceDate "2022.10.05"]
[SourceVersion "1"]
[SourceVersionDate "2022.10.05"]
[SourceQuality "1"]

1. d4 Nf6 2. c4 e6 3. Nf3 c5 4. d5 d6 5. Nc3 exd5 6. cxd5 g6 7. Bf4 a6 8. a4 Bg7 9. h3 0-0 10. e3 Ne8 11. Be2 Nd7 12. 0-0 b6 13. Nd2 Ne5 14. Bg3 f5 15. f4 Nf7 16. Nc4 Rb8 17. Qb3 Bd7 18. e4 b5 19. axb5 axb5 20. Na5 b4 21. Nd1 fxe4 22. Ne3 Bd4 23. Bf2 Nc7 24. Bg4 h5 25. Be6 Kg7 26. Qc2 Bb5 27. Qxe4 Ra8 28. Nac4 Bxc4 29. Rxa8 Qxa8 30. Nf5+ gxf5 31. Bxd4+ cxd4 32. Qxd4+ Ne5 33. fxe5 Nxe6 34. Qxc4 Qa7+ 35. Kh1 Qd4 36. Qc6 Nf4 37. Qxd6 Nxd5 38. e6 Qe4 39. Qg3+ Kf6 40. e7 Qxe7 41. Rd1 Qe5 42. Qf3 Ne3 43. Qc6+ Kg5 44. Rd6 Rf6 45. Rxf6 Qxf6 46. h4+ Kg6 47. Qe8+ Kh7 48. Qxe3 Qxh4+ 49. Kg1 Qe4 50. Qg5 h4 51. Qf6 Qg4 52. Qf7+ Kh6 53. Qf8+ Kg6 54. Qd6+ Kf7 55. Qd7+ Kf6 56. Qd6+ Kg5 57. Qe7+ Kg6 58. Qe6+ Kh5 59. Qe8+ Kh6 60. Qf8+ Kg6 61. Qe8+ Kf6 62. Qd8+ Ke6 63. Qe8+ Kd6 64. Qd8+ Kc5 65. Qc7+ Kb5 66. Qd7+ Kc4 67. Qe6+ Kd3 68. Qb3+ Kd2 69. Qa2 h3 70. b3+ Kc3 71. Qa1+ Kc2 72. Qa2+ Kc3 73. Qa1+ Kxb3 74. Qb1+ Kc4 75. Qc2+ Kd4 76. Qb2+ Kd5 77. Qa2+ Kc5 78. Qa7+ Kb5 79. Qb7+ Ka4 80. Qa6+ Kb3 81. Qd3+ Kb2 82. Qd2+ Ka3 83. Qc1+ Ka4 84. Qa1+ Kb5 85. Qe5+ Kc4 86. Qe6+ Kc3 87. Qe3+ Kc2 88. Qf2+ Kc1 89. Qe3+ Kb2 90. Qd2+ Kb1 91. Qd3+ Ka2 92. Qd2+ Ka3 93. Qc1+ Kb3 94. Qb1+ Kc4 95. Qc2+ Kb5 96. Qd3+ Qc4 97. Qd7+ Qc6 98. Qd3+ Ka4 99. gxh3 b3 100. Qd4+ Kb5 101. Kh2 Qc2+ 102. Kg3 Qe4 103. Qd7+ Kc4 104. Qa4+ Kc3 105. Qa3 Qe3+ 106. Kh2 f4 107. h4 Qg3+ 108. Kh1 Qxh4+ 109. Kg2 Qg3+ 110. Kh1 Qh3+ 111. Kg1 Qe3+ 112. Kf1 Kc2 113. Qa4 Kb1 114. Kg2 f3+ 115. Kg3 Kb2 116. Qb4 Kc2 117. Qa4 f2+ 118. Kg2 Qe2 119. Qc6+ Kb1 120. Qg6+ Ka2 0-1

[Event "SWE-chT 2122 Elite"]
[Site "Sweden"]
[Date "2021.12.05"]
[Round "2.2"]
[White "Sumets, Andrey"]
[Black "Jepson, Christian"]
[Result "1-0"]
[WhiteElo "2524"]
[BlackElo "2402"]
[PlyCount "65"]
[EventDate "2021.12.03"]
[EventType "team-tourn"]
[EventRounds "9"]
[EventCountry "SWE"]
[SourceTitle "EXT 2023"]
[Source "ChessBase"]
[SourceDate "2022.10.05"]
[SourceVersion "1"]
[SourceVersionDate "2022.10.05"]
[SourceQuality "1"]
[WhiteTeam "Vaxjo"]
[BlackTeam "Limhamn"]
[WhiteTeamCountry "SWE"]
[BlackTeamCountry "SWE"]

1. d4 Nf6 2. c4 c5 3. d5 g6 4. Nc3 Bg7 5. e4 d6 6. Nf3 e6 7. Be2 0-0 8. 0-0 Re8 9. h3 exd5 10. exd5 Ne4 11. Nxe4 Rxe4 12. Bd3 Re8 13. Bg5 Qb6 14. Re1 Bd7 15. Rb1 Na6 16. Rxe8+ Rxe8 17. a3 h6 18. Be3 Qd8 19. Qd2 Kh7 20. b4 b6 21. Bf4 Qf6 22. Bg3 Bf5 23. Qc2 Bxd3 24. Qxd3 Qd8 25. h4 Bf6 26. h5 Kg7 27. hxg6 fxg6 28. Qc2 Qd7 29. Nh4 Qf7 30. Qa4 Nc7 31. bxc5 dxc5 32. Qxa7 Na8 33. Qa4 1-0

[Event "SWE-ch blitz"]
[Site "Helsingborg"]
[Date "2021.11.14"]
[Round "9"]
[White "Jepson, Christian"]
[Black "Storme, Isak"]
[Result "1/2-1/2"]
[WhiteElo "2412"]
[BlackElo "2037"]
[PlyCount "70"]
[EventDate "2021.11.14"]
[EventType "swiss (blitz)"]
[EventRounds "13"]
[EventCountry "SWE"]
[SourceTitle "EXT 2024"]
[Source "ChessBase"]
[SourceDate "2023.10.10"]
[SourceVersion "1"]
[SourceVersionDate "2023.10.10"]
[SourceQuality "1"]

1. Nf3 d5 2. c4 e6 3. g3 Nf6 4. Bg2 Be7 5. 0-0 0-0 6. b3 b6 7. Bb2 Bb7 8. e3 Nbd7 9. Nc3 c5 10. Qe2 Re8 11. Rfd1 Qc7 12. Nb5 Qb8 13. Rac1 a6 14. Nc3 Bc6 15. cxd5 Nxd5 16. d4 Nxc3 17. Bxc3 Qb7 18. Ne1 Bxg2 19. Nxg2 Rac8 20. dxc5 Nxc5 21. Qg4 Bf8 22. Bd4 Ne4 23. Nh4 Rxc1 24. Rxc1 f5 25. Qf3 Rc8 26. Qd1 Rxc1 27. Qxc1 Ng5 28. f3 Nxf3+ 29. Nxf3 Qxf3 30. Qc8 Qd1+ 31. Kg2 Qe2+ 32. Kg1 Qd1+ 33. Kg2 Qe2+ 34. Kg1 Qe1+ 35. Kg2 Qe2+ 1/2-1/2

[Event "SWE-ch blitz"]
[Site "Helsingborg"]
[Date "2021.11.14"]
[Round "2"]
[White "Makinen, Janne"]
[Black "Jepson, Christian"]
[Result "0-1"]
[WhiteElo "2004"]
[BlackElo "2412"]
[PlyCount "60"]
[EventDate "2021.11.14"]
[EventType "swiss (blitz)"]
[EventRounds "13"]
[EventCountry "SWE"]
[SourceTitle "EXT 2024"]
[Source "ChessBase"]
[SourceDate "2023.10.10"]
[SourceVersion "1"]
[SourceVersionDate "2023.10.10"]
[SourceQuality "1"]

1. d4 Nf6 2. c4 e6 3. Nf3 d5 4. Nc3 Nbd7 5. c5 c6 6. Bf4 b6 7. b4 a5 8. a3 Be7 9. e3 0-0 10. Bd3 Ba6 11. Bxa6 Rxa6 12. 0-0 Qc8 13. Ne5 Nxe5 14. Bxe5 Nd7 15. Bg3 Qb7 16. Qc2 Rfa8 17. Rab1 axb4 18. axb4 Qc8 19. h3 Bf6 20. f4 h6 21. Qb2 Ra3 22. Rfc1 g6 23. Bf2 b5 24. g4 Qd8 25. Ra1 Rxa1 26. Rxa1 Kg7 27. Kg2 Qb8 28. Kf3 Ra7 29. Rxa7 Qxa7 30. Qa2 Qxa2 0-1

[Event "EU-Cup 36th"]
[Site "Struga"]
[Date "2021.09.21"]
[Round "4.1"]
[White "Jepson, Christian"]
[Black "Dardha, Daniel"]
[Result "0-1"]
[WhiteElo "2407"]
[BlackElo "2521"]
[PlyCount "76"]
[EventDate "2021.09.18"]
[EventType "team-swiss"]
[EventRounds "7"]
[EventCountry "MKD"]
[SourceTitle "CBM 204 Extra"]
[Source "ChessBase"]
[SourceDate "2021.11.30"]
[SourceVersion "1"]
[SourceVersionDate "2021.11.30"]
[SourceQuality "1"]
[WhiteTeam "Nordkalotten"]
[BlackTeam "Wirtzfeld"]
[WhiteTeamCountry "DEN"]
[BlackTeamCountry "BEL"]

1. Nf3 Nf6 2. c4 b6 3. g3 Bb7 4. Bg2 g6 5. b3 Bg7 6. Bb2 0-0 7. 0-0 e6 8. d4 d5 9. cxd5 exd5 10. Nc3 Re8 11. Ne5 Nbd7 12. f4 c5 13. e3 cxd4 14. exd4 Ne4 15. Rc1 f6 16. Nd3 a6 17. f5 Nf8 18. Nf4 Qd7 19. Bh3 Qf7 20. Na4 b5 21. Nc5 Bh6 22. Rc2 Bxf4 23. Rxf4 Rad8 24. Ba3 Bc8 25. Nxe4 dxe4 26. Bxf8 g5 27. Rf1 Qxf8 28. Rc6 e3 29. Re1 Qb4 30. Bf1 Qd2 31. Be2 Rxd4 32. Rxf6 Qxd1 33. Bxd1 Kg7 34. Bh5 Re7 35. Rc6 Bxf5 36. Rxa6 g4 37. Rb6 Rd5 38. Rb8 Bd7 0-1